The Road to Makkah / (Record no. 594556)
[ view plain ]
| 000 -LEADER | |
|---|---|
| fixed length control field | 00263nam a22001097a 4500 |
| 082 ## - DEWEY DECIMAL CLASSIFICATION NUMBER | |
| Classification number | 915 |
| Author Mark | ASA |
| 100 ## - MAIN ENTRY--PERSONAL NAME | |
| Personal name | Asad, Muhammad |
| 9 (RLIN) | 1343 |
| 245 ## - TITLE STATEMENT | |
| Title | The Road to Makkah / |
| Statement of responsibility, etc. | Muhammad Asad |
| 260 ## - PUBLICATION, DISTRIBUTION, ETC. | |
| Place of publication, distribution, etc. | New York |
| Date of publication, distribution, etc. | 1980. |
| 300 ## - PHYSICAL DESCRIPTION | |
| Extent | 380p. ; |
| Other physical details | Hardcover |
| 942 ## - ADDED ENTRY ELEMENTS (KOHA) | |
| Source of classification or shelving scheme | |
| Koha item type | Book |
| Withdrawn status | Lost status | Source of classification or shelving scheme | Damaged status | Not for loan | Permanent Location | Current Location | Shelving location | Date acquired | Total Checkouts | Full call number | Barcode | Date last seen | Date last checked out | Price effective from | Koha item type |
|---|---|---|---|---|---|---|---|---|---|---|---|---|---|---|---|
| School of Mechanical & Manufacturing Engineering (SMME) | School of Mechanical & Manufacturing Engineering (SMME) | Fiction | 04/20/2023 | 1 | 915 ASA | SMME-3827 | 08/16/2024 | 06/10/2024 | 04/20/2023 | Book |
